| 000 | 00466nam a2200169Ia 4500 | ||
|---|---|---|---|
| 003 | GCL | ||
| 008 | 140319s9999 xx 000 0 eng d | ||
| 040 |
_aGCL / _cGCL |
||
| 082 | 0 | 4 |
_a425 _bW C |
| 100 | 1 | _aWILLIS, DAVE | |
| 245 | 1 | 0 |
_aCALLINS COBUILD STUDENT'S GRAMMAR: SELF STUDY EDITION / _cWILLIS, DAVE |
| 260 |
_a[S.N] : _bHARPER COLLINS COLLEGE PUBLISBERS ، _c1993 |
||
| 300 | _a263 P | ||
| 650 | 0 | 4 | _aGRAMMAR |
| 650 | 0 | 4 | _aENGLISH LANGUAGE |
| 942 |
_2ddc _cBK |
||
| 999 |
_c10452 _d10452 |
||